000 00751nam a22002657a 4500
001 17929563
003 LIBRIS
005 20210421075644.0
008 150506s1990 xx ||||| ||| ||eng c
020 _a9780393307061
035 _aBTJ951767
040 _aeng
_beng
_cDLC
041 _aeng
080 _a821.111
_bB-86
100 1 _aO'Brian, Patrick
245 1 0 _aPost Captain, The
_cO'Brian, Patrick
_b/ by: W. W. Norton and Company
260 _aNew York
_bW. W. Norton and Company
_c1990
300 _a496 p.
365 _b13.95 usd
650 0 _9254
_aEnglish literature
653 _aინგლისური ლიტერატურა
942 _2udc
_cBK
999 _c1718
_d1718